Predaj online poistenia na slovenskom trhu bakalárska práca

Salvato in:
Dettagli Bibliografici
Autore principale: Greško, Marek
Ente Autore: Národohospodárska fakulta EU. Katedra poisťovníctva
Altri autori: Jurkovičová, Monika
Natura: Libro
Lingua:slovacco
Pubblicazione: Bratislava 2016
Tags: Aggiungi Tag
Nessun Tag, puoi essere il primo ad aggiungerne!!

MARC

LEADER 00000nbm a2200000 4500
001 0219719
005 20161108122902.7
041 0 |a slo 
044 |a SK 
245 1 0 |a Predaj online poistenia na slovenskom trhu  |b bakalárska práca  |c Marek Greško ; školiteľ: Monika Jurkovičová 
264 1 |a Bratislava  |c 2016 
300 |a 36 s. 
100 1 |a Greško, Marek 
700 1 |a Jurkovičová, Monika 
710 2 |a Národohospodárska fakulta EU. Katedra poisťovníctva